108_ Personnalités nées un 18 avril par images - Statistiques

Statistiques générales
  • Ce quiz a été pris 40 fois
  • Le résultat moyen est 5 sur 9
Statistiques - réponses
Par images Hint Réponse % Correct
Chanteuse Zazie
97%
Politicienne Élisabeth Borne
92%
Humoriste Laurent Baffie
77%
Chanteur Francky Vincent
74%
Politicien Olivier Besancenot
56%
Youtubeur Ludovik
46%
Animateur Conan O'Brien
15%
Productrice et Actrice Kourtney Kardashian
13%
Économiste David Ricardo
5%
Aucun quiz correspondant
Distribution des résultats
% des personnes avec chaque résultat
Percentile par nombre de réponses
Votre historique - résultats
Vous n’avez pas pris ce quiz